| 000 | 00409nam a2200145Ia 4500 | ||
|---|---|---|---|
| 008 | 220216s9999 xx 000 0 und d | ||
| 100 | _aOlapade E O | ||
| 245 | 0 | _aProgeny selection for yield in Hevea brasiliensis (Muell. Arg.) | |
| 260 |
_bJournal of Plantation Crops _c1992 |
||
| 300 | _a54-59 | ||
| 650 | _aDry rubber yield | ||
| 650 | _aHevea brasiliensis | ||
| 650 | _aProgeny selection | ||
| 942 | _cJS | ||
| 999 |
_c65890 _d65890 |
||